[Event "EU-Cup 38th"]
[Site "Durres"]
[Date "2023.10.03"]
[Round "3.3"]
[White "De Jong, Jan Willem"]
[Black "Carnicelli, Valerio"]
[Result "0-1"]
[WhiteElo "2412"]
[BlackElo "2403"]
[PlyCount "66"]
[EventDate "2023.10.01"]
[EventType "team-swiss"]
[EventRounds "7"]
[EventCountry "ALB"]
[SourceTitle "EXT 2024"]
[Source "ChessBase"]
[SourceDate "2023.10.10"]
[SourceVersion "1"]
[SourceVersionDate "2023.10.10"]
[SourceQuality "1"]
[WhiteTeam "Leiden LSG"]
[BlackTeam "Padova Obiettivo"]
[WhiteTeamCountry "NED"]
[BlackTeamCountry "ITA"]

1. c4 Nf6 2. Nc3 g6 3. Nf3 Bg7 4. g3 0-0 5. Bg2 d6 6. d4 Nbd7 7. 0-0 e5 8. e4 exd4 9. Nxd4 Re8 10. h3 Nc5 11. Re1 h6 12. Rb1 a5 13. Ndb5 Bf8 14. b3 c6 15. Nd4 Bg7 16. a3 Nh7 17. b4 axb4 18. axb4 Ne6 19. Nxe6 Bxe6 20. Qd3 Ng5 21. h4 Nh3+ 22. Bxh3 Bxh3 23. Bb2 Bg4 24. f3 Be6 25. Ne2 Ra2 26. Bxg7 Kxg7 27. Nc1 Ra4 28. Rd1 Qf6 29. Qd4 Rea8 30. Kf2 Ra1 31. Rxa1 Rxa1 32. Ke3 Rb1 33. c5 Qxd4+ 0-1

[Event "NED-ch Blitz Pool-B"]
[Site "Rotterdam"]
[Date "2023.09.09"]
[Round "4"]
[White "Beerdsen, Thomas"]
[Black "De Jong, Jan Willem"]
[Result "1-0"]
[WhiteElo "2516"]
[BlackElo "2408"]
[PlyCount "37"]
[EventDate "2023.09.09"]
[EventType "tourn (blitz)"]
[EventRounds "5"]
[EventCountry "NED"]
[EventCategory "5"]
[SourceTitle "EXT 2024"]
[Source "ChessBase"]
[SourceDate "2023.10.10"]
[SourceVersion "1"]
[SourceVersionDate "2023.10.10"]
[SourceQuality "1"]

1. e4 e5 2. Nc3 Nf6 3. f4 d5 4. fxe5 Nxe4 5. Nf3 Bc5 6. d4 Bb4 7. a3 Bxc3+ 8. bxc3 Nxc3 9. Qd3 Ne4 10. Be2 b6 11. c4 Ba6 12. Qe3 0-0 13. 0-0 f5 14. exf6 Rxf6 15. Bd3 Nd7 16. cxd5 Bxd3 17. Qxd3 Qe7 18. Re1 Re8 19. Ng5 1-0

[Event "NED-ch Blitz Pool-B"]
[Site "Rotterdam"]
[Date "2023.09.09"]
[Round "5"]
[White "De Jong, Jan Willem"]
[Black "Zult, Daan"]
[Result "1/2-1/2"]
[WhiteElo "2408"]
[BlackElo "2303"]
[PlyCount "105"]
[EventDate "2023.09.09"]
[EventType "tourn (blitz)"]
[EventRounds "5"]
[EventCountry "NED"]
[EventCategory "5"]
[SourceTitle "EXT 2024"]
[Source "ChessBase"]
[SourceDate "2023.10.10"]
[SourceVersion "1"]
[SourceVersionDate "2023.10.10"]
[SourceQuality "1"]

1. d4 d5 2. c4 dxc4 3. e3 Nf6 4. Bxc4 e6 5. Nf3 a6 6. 0-0 c5 7. Be2 b6 8. b3 Bb7 9. Bb2 Nbd7 10. Nbd2 Be7 11. Rc1 0-0 12. Ne5 Nxe5 13. dxe5 Nd5 14. Nc4 Qc7 15. Qc2 b5 16. Nd6 Bxd6 17. exd6 Qxd6 18. Qxc5 Qxc5 19. Rxc5 Rfc8 20. Rfc1 Rxc5 21. Rxc5 Rc8 22. Rxc8+ Bxc8 23. Kf1 f6 24. Ke1 e5 25. Kd2 Kf7 26. g3 Ke6 27. Bg4+ f5 28. Be2 g6 29. f4 exf4 30. exf4 Nf6 31. Kc3 Ne4+ 32. Kd4 Bb7 33. a4 bxa4 34. Bc4+ Kf6 35. bxa4 Bc8 36. a5 Bb7 37. Bb3 h6 38. Ke3+ Ke7 39. Ba3+ Kf6 40. Bf8 h5 41. Bc4 Bc8 42. Ba3 Bb7 43. Bb4 Bc8 44. Bd5 Bd7 45. Bc4 Bc8 46. Be1 Bb7 47. Kd4 Bc8 48. Bb4 Bb7 49. Ba3 Bc8 50. Bb2 Bb7 51. Bd5 Bc8 52. Bc6 Ke6 53. Be8 1/2-1/2

[Event "NED-chT 2223"]
[Site "Netherlands"]
[Date "2023.04.01"]
[Round "8.9"]
[White "Roebers, Eline"]
[Black "De Jong, Jan Willem"]
[Result "1/2-1/2"]
[WhiteElo "2363"]
[BlackElo "2407"]
[PlyCount "114"]
[EventDate "2022.09.17"]
[EventType "team-tourn"]
[EventRounds "9"]
[EventCountry "NED"]
[SourceTitle "EXT 2024"]
[Source "ChessBase"]
[SourceDate "2023.10.10"]
[SourceVersion "1"]
[SourceVersionDate "2023.10.10"]
[SourceQuality "1"]
[WhiteTeam "Kennemer Combinatie"]
[BlackTeam "Leiden LSG"]
[WhiteTeamCountry "NED"]
[BlackTeamCountry "NED"]

1. e4 e5 2. f4 exf4 3. Bc4 d5 4. Bxd5 Nf6 5. Nc3 Nxd5 6. Nxd5 g5 7. h4 c6 8. Nc3 Bc5 9. Qf3 Na6 10. Nge2 Nb4 11. Kd1 h5 12. hxg5 Qxg5 13. Qxf4 Qxg2 14. Qe5+ Kd7 15. Qh2 Qxh2 16. Rxh2 Bd6 17. Rh1 f5 18. a3 Na6 19. d4 fxe4 20. Nxe4 Be7 21. Bf4 b6 22. Be5 Rh7 23. Nf4 h4 24. Kd2 Bb7 25. Rag1 Nc7 26. c4 Ne6 27. Nd3 Rf8 28. Ke3 Bc8 29. Bh2 Bb7 30. Rg6 Nd8 31. Ne5+ Ke8 32. c5 Bc8 33. b4 Bf5 34. Rgg1 Be6 35. Rf1 Bd5 36. Rxf8+ Kxf8 37. Rf1+ Kg8 38. Ng4 Bxe4 39. Kxe4 h3 40. Ne5 Rg7 41. Rf3 Rh7 42. Rg3+ Kf8 43. Rg6 bxc5 44. bxc5 Rg7 45. Rh6 Nf7 46. Nxf7 Kxf7 47. Be5 Rg4+ 48. Kf5 Rh4 49. Rxc6 h2 50. Bxh2 Rxh2 51. Rc7 Rh5+ 52. Ke4 Ke8 53. d5 Rh4+ 54. Ke5 Rh5+ 55. Kd4 Rh4+ 56. Ke5 Rh5+ 57. Kd4 Rh4+ 1/2-1/2

[Event "NED-chT 2122"]
[Site "Netherlands"]
[Date "2021.11.27"]
[Round "4.1"]
[White "Shirov, Alexei"]
[Black "De Jong, Jan Willem"]
[Result "1-0"]
[WhiteElo "2652"]
[BlackElo "2438"]
[PlyCount "69"]
[EventDate "2021.09.18"]
[EventType "team-tourn"]
[EventRounds "9"]
[EventCountry "NED"]
[SourceTitle "EXT 2023"]
[Source "ChessBase"]
[SourceDate "2022.10.05"]
[SourceVersion "1"]
[SourceVersionDate "2022.10.05"]
[SourceQuality "1"]
[WhiteTeam "En Passant"]
[BlackTeam "Leiden LSG"]
[WhiteTeamCountry "NED"]
[BlackTeamCountry "NED"]

1. e4 e5 2. Nf3 Nc6 3. Bb5 a6 4. Ba4 Nf6 5. 0-0 Nxe4 6. d4 b5 7. Bb3 d5 8. dxe5 Be6 9. Be3 Be7 10. c3 0-0 11. Nbd2 Qd7 12. Re1 Nxd2 13. Qxd2 Na5 14. Bc2 Nc4 15. Qd3 g6 16. Bc1 c5 17. b3 Bf5 18. Qe2 Na5 19. Bg5 Bxc2 20. Qxc2 Nc6 21. Rad1 Rad8 22. Qc1 Rfe8 23. Qf4 Qf5 24. Qxf5 gxf5 25. h4 Kg7 26. e6 f6 27. Bc1 Bd6 28. h5 Be5 29. Nh4 f4 30. Nf5+ Kg8 31. Nh6+ Kf8 32. Nf7 Rc8 33. Nxe5 Nxe5 34. Bxf4 Rxe6 35. Bxe5 1-0

[Event "EU-Cup 35th"]
[Site "Ulcinj"]
[Date "2019.11.13"]
[Round "4.12"]
[White "De Jong, Jan Willem"]
[Black "Mohr, Georg"]
[Result "1-0"]
[WhiteElo "2446"]
[BlackElo "2437"]
[PlyCount "131"]
[EventDate "2019.11.10"]
[EventType "team-swiss"]
[EventRounds "7"]
[EventCountry "MNE"]
[SourceTitle "CBM 193 Extra"]
[Source "ChessBase"]
[SourceDate "2020.01.31"]
[SourceVersion "1"]
[SourceVersionDate "2020.01.31"]
[SourceQuality "1"]
[WhiteTeam "Leiden LSG"]
[BlackTeam "Maribor"]
[WhiteTeamCountry "NED"]
[BlackTeamCountry "SLO"]

1. d4 d6 2. e4 Nf6 3. Nc3 e5 4. Nf3 exd4 5. Nxd4 Be7 6. Bf4 Nc6 7. Be2 0-0 8. 0-0 Re8 9. Qd2 Bf8 10. Rad1 Bd7 11. f3 g6 12. Be3 Bg7 13. Rfe1 a6 14. Bf1 Nxd4 15. Bxd4 Be6 16. Qf2 Qe7 17. e5 Nh5 18. exd6 cxd6 19. Nd5 Qd8 20. Bb6 Qd7 21. Nc7 Bxb2 22. Nxa8 Rxa8 23. Bc5 Qa4 24. Bxd6 Bc3 25. Rxe6 fxe6 26. Qe3 Bg7 27. Qxe6+ Kh8 28. Qc4 Qd7 29. Qc7 Qe6 30. Qe7 Qxa2 31. Be5 Qa5 32. Bxg7+ Nxg7 33. Rd7 Qb6+ 34. Kh1 Rg8 35. h3 Qb1 36. Kg1 b5 37. Rc7 Qb2 38. c3 Qc1 39. Qe5 Qd2 40. Ra7 Qa2 41. Qxb5 Qxg2+ 42. Kxg2 axb5 43. Bxb5 Nf5 44. Bd3 Ne3+ 45. Kg3 Rc8 46. Kf4 Nd5+ 47. Ke5 Nxc3 48. Be4 Rf8 49. h4 Ne2 50. h5 Nf4 51. h6 Nh3 52. Bd5 Ng5 53. f4 Nh3 54. Bf7 Nf2 55. Kf6 Ng4+ 56. Kg5 Ne3 57. Ra5 Nf5 58. Be6 Nd6 59. Re5 Ne8 60. Bf7 Nd6 61. Be6 Ne8 62. Bd7 Nf6 63. Bh3 Ne8 64. Re6 Kg8 65. Rc6 Kh8 66. Rc8 1-0

[Event "EU-Cup 35th"]
[Site "Ulcinj"]
[Date "2019.11.11"]
[Round "2.5"]
[White "De Jong, Jan Willem"]
[Black "Bartel, Mateusz"]
[Result "0-1"]
[WhiteElo "2446"]
[BlackElo "2636"]
[PlyCount "70"]
[EventDate "2019.11.10"]
[EventType "team-swiss"]
[EventRounds "7"]
[EventCountry "MNE"]
[SourceTitle "CBM 193 Extra"]
[Source "ChessBase"]
[SourceDate "2020.01.31"]
[SourceVersion "1"]
[SourceVersionDate "2020.01.31"]
[SourceQuality "1"]
[WhiteTeam "Leiden LSG"]
[BlackTeam "Novy Bor"]
[WhiteTeamCountry "NED"]
[BlackTeamCountry "CZE"]

1. e4 c6 2. d4 d5 3. exd5 cxd5 4. Bd3 Nc6 5. c3 Qc7 6. h3 g6 7. Nf3 Bf5 8. Be2 Bg7 9. 0-0 Nf6 10. Re1 0-0 11. Nbd2 Nb4 12. Nf1 Nc2 13. Ng3 Nxe1 14. Qxe1 Bd7 15. Bd3 Bc6 16. Bg5 Rae8 17. Qe3 e5 18. Bxf6 Bxf6 19. dxe5 Bxe5 20. Nxe5 Rxe5 21. Qxa7 d4 22. c4 h5 23. Qxd4 Rd8 24. Qc3 h4 25. Nf1 Bxg2 26. Kxg2 Qc6+ 27. f3 Qc5 28. f4 Re6 29. Rd1 Qc6+ 30. Kf2 Qc7 31. Kf3 Qc6+ 32. Kf2 Qc5+ 33. Kg2 Rd4 34. Bc2 Re2+ 35. Kf3 Qh5# 0-1

[Event "NED-chT 1819"]
[Site "Netherlands"]
[Date "2019.04.13"]
[Round "8.3"]
[White "Van Osch, Mees"]
[Black "De Jong, Jan Willem"]
[Result "1/2-1/2"]
[WhiteElo "2310"]
[BlackElo "2446"]
[PlyCount "69"]
[EventDate "2018.09.15"]
[EventType "team-tourn"]
[EventRounds "9"]
[EventCountry "NED"]
[SourceTitle "CBM 189 Extra"]
[Source "ChessBase"]
[SourceDate "2019.06.03"]
[SourceVersion "1"]
[SourceVersionDate "2019.06.03"]
[SourceQuality "1"]
[WhiteTeam "De Stukkenjagers"]
[BlackTeam "Leiden LSG"]
[WhiteTeamCountry "NED"]
[BlackTeamCountry "NED"]

1. e4 e5 2. Nf3 Nc6 3. Nc3 Nf6 4. Bb5 Bb4 5. Nd5 Nxd5 6. exd5 Nd4 7. Nxd4 exd4 8. 0-0 0-0 9. Qg4 Qf6 10. a3 Ba5 11. b4 Bb6 12. d3 d6 13. Qg3 a6 14. Ba4 Qg6 15. Qxg6 hxg6 16. Re1 a5 17. Bb2 axb4 18. axb4 g5 19. f3 Rd8 20. g4 Kf8 21. Bb5 Rxa1 22. Rxa1 f6 23. Ra8 Ke7 24. Kf2 g6 25. Bc1 Rh8 26. Kg3 Kd8 27. h3 Ke7 28. f4 gxf4+ 29. Bxf4 g5 30. Bd2 Rg8 31. Ra1 f5 32. gxf5 Bxf5 33. Rf1 Bc8 34. Re1+ Kf6 35. Re8 1/2-1/2

[Event "NED-chT Cup"]
[Site "Apeldoorn"]
[Date "2018.05.10"]
[Round "1.1"]
[White "De Jong, Jan Willem"]
[Black "Hausrath, Daniel"]
[Result "1/2-1/2"]
[WhiteElo "2446"]
[BlackElo "2494"]
[PlyCount "43"]
[EventDate "2018.05.10"]
[EventType "team-k.o."]
[EventRounds "2"]
[EventCountry "NED"]
[SourceTitle "CBM 184 Extra"]
[Source "ChessBase"]
[SourceDate "2018.06.28"]
[SourceVersion "1"]
[SourceVersionDate "2018.06.28"]
[SourceQuality "1"]
[WhiteTeam "Leiden LSG II"]
[BlackTeam "Voerendaal"]
[WhiteTeamCountry "NED"]
[BlackTeamCountry "NED"]

1. d4 Nf6 2. c4 g6 3. Nc3 Bg7 4. e4 d6 5. Be2 0-0 6. Nf3 c5 7. d5 e6 8. 0-0 Re8 9. dxe6 Bxe6 10. Bf4 Bg4 11. Qxd6 Qxd6 12. Bxd6 Nxe4 13. Nxe4 Rxe4 14. Bd3 Bxf3 15. gxf3 Rd4 16. Be4 Nd7 17. Bxb7 Re8 18. Rad1 Re6 19. Bc7 Re2 20. b4 Rxa2 21. Bc6 Ne5 22. Bxe5 1/2-1/2

[Event "NED-chT 1617"]
[Site "Netherlands"]
[Date "2017.04.01"]
[Round "8.9"]
[White "De Jong, Jan Willem"]
[Black "Drent, Sjoerd"]
[Result "1-0"]
[WhiteElo "2454"]
[BlackElo "1984"]
[PlyCount "40"]
[EventDate "2016.09.17"]
[EventType "team-tourn"]
[EventRounds "9"]
[EventCountry "NED"]
[SourceTitle "EXT 2018"]
[Source "ChessBase"]
[SourceDate "2017.10.13"]
[SourceVersion "1"]
[SourceVersionDate "2017.10.13"]
[SourceQuality "1"]
[WhiteTeam "Leiden LSG"]
[BlackTeam "En Passant"]
[WhiteTeamCountry "NED"]
[BlackTeamCountry "NED"]

1. e4 e5 2. Nf3 Nc6 3. Bc4 Nf6 4. d3 Bc5 5. c3 0-0 6. 0-0 d6 7. a4 a6 8. h3 Be6 9. Bxe6 fxe6 10. Re1 Qe7 11. b4 Ba7 12. Nbd2 Nh5 13. Nf1 Nf4 14. Be3 Qf6 15. Kh2 h6 16. Ra2 Kh7 17. b5 axb5 18. axb5 Bxe3 19. Rxa8 Rxa8 20. fxe3 Nb8 1-0

[Event "NED-chT 1617"]
[Site "Netherlands"]
[Date "2016.11.26"]
[Round "4.6"]
[White "Kuipers, Stefan"]
[Black "De Jong, Jan Willem"]
[Result "1/2-1/2"]
[WhiteElo "2404"]
[BlackElo "2454"]
[PlyCount "156"]
[EventDate "2016.09.17"]
[EventType "team-tourn"]
[EventRounds "9"]
[EventCountry "NED"]
[SourceTitle "EXT 2018"]
[Source "ChessBase"]
[SourceDate "2017.10.13"]
[SourceVersion "1"]
[SourceVersionDate "2017.10.13"]
[SourceQuality "1"]
[WhiteTeam "Apeldoorn"]
[BlackTeam "Leiden LSG"]
[WhiteTeamCountry "NED"]
[BlackTeamCountry "NED"]

1. e4 e5 2. Nf3 Nc6 3. Bb5 a6 4. Ba4 Nf6 5. d3 b5 6. Bb3 Bc5 7. Nc3 d6 8. Nd5 h6 9. c3 0-0 10. 0-0 Rb8 11. d4 Ba7 12. Be3 Ng4 13. dxe5 Nxe3 14. Nxe3 Bxe3 15. fxe3 dxe5 16. Qxd8 Nxd8 17. Nxe5 Rb6 18. Rad1 Rd6 19. Rxd6 cxd6 20. Nf3 Nb7 21. Rd1 Re8 22. Bd5 Nc5 23. Bc6 Re6 24. Rd4 Bd7 25. Bxd7 Nxd7 26. Nd2 Ne5 27. Kf2 Kf8 28. Ke2 Ke7 29. b3 Kd7 30. a3 Re8 31. c4 Rc8 32. cxb5 axb5 33. Nf3 Nc6 34. Rd5 Ra8 35. Rxb5 Rxa3 36. Rb7+ Ke8 37. Rb6 Ra2+ 38. Kf1 Kd7 39. Rb7+ Ke6 40. Rc7 Ne5 41. Nxe5 Kxe5 42. Rxf7 g6 43. Re7+ Kf6 44. Rc7 Rb2 45. Rc3 Ke5 46. Rd3 g5 47. h3 Kxe4 48. Rxd6 Kxe3 49. Re6+ Kf4 50. Rf6+ Ke5 51. Rf3 h5 52. Rc3 Kf4 53. Kg1 h4 54. Rc4+ Kf5 55. Rb4 Kg6 56. Rb5 Kf6 57. Rb8 Kf5 58. Rb6 Ke5 59. Rb8 Kf5 60. Rf8+ Kg6 61. Rf3 g4 62. hxg4 Kg5 63. Kh2 Kxg4 64. Rc3 Rb1 65. Rc4+ Kg5 66. Rb4 Kh5 67. Rb8 Kg5 68. b4 Rb3 69. b5 Kf6 70. b6 Kg7 71. b7 Kh7 72. Kg1 Rb2 73. Kf1 Kg7 74. Ke1 h3 75. gxh3 Kh7 76. h4 Kg7 77. h5 Kh7 78. h6 Rb1+ 1/2-1/2

[Event "NED-chT 1516"]
[Site "Netherlands"]
[Date "2016.02.13"]
[Round "6.1"]
[White "De Jong, Jan Willem"]
[Black "Henrichs, Thomas"]
[Result "1/2-1/2"]
[WhiteElo "2453"]
[BlackElo "2464"]
[PlyCount "45"]
[EventDate "2015.09.26"]
[EventType "team-tourn"]
[EventRounds "9"]
[EventCountry "NED"]
[SourceTitle "CBM 170 Extra"]
[Source "ChessBase"]
[SourceDate "2016.02.25"]
[SourceVersion "1"]
[SourceVersionDate "2016.02.25"]
[SourceQuality "1"]
[WhiteTeam "Leiden LSG"]
[BlackTeam "SISSA"]
[WhiteTeamCountry "NED"]
[BlackTeamCountry "NED"]

1. d4 Nf6 2. c4 e6 3. Nc3 Bb4 4. e3 0-0 5. Nge2 c6 6. a3 Ba5 7. Qc2 d5 8. Ng3 Nbd7 9. Be2 e5 10. 0-0 exd4 11. exd4 dxc4 12. Bxc4 Bc7 13. Ba2 Nb6 14. Re1 Be6 15. Bxe6 fxe6 16. Nce4 Bxg3 17. hxg3 Qxd4 18. Ng5 Rfe8 19. Bf4 e5 20. Nf3 Qc4 21. Qxc4+ Nxc4 22. Nxe5 Nb6 23. Rad1 1/2-1/2

[Event "Leiden Noteboom Memorial 76th"]
[Site "Leiden"]
[Date "2016.02.07"]
[Round "5"]
[White "De Jong, Jan Willem"]
[Black "De Jong, Migchiel"]
[Result "0-1"]
[WhiteElo "2455"]
[BlackElo "2338"]
[PlyCount "116"]
[EventDate "2016.02.05"]
[EventType "swiss"]
[EventRounds "6"]
[EventCountry "NED"]
[SourceTitle "CBM 170 Extra"]
[Source "ChessBase"]
[SourceDate "2016.02.25"]
[SourceVersion "1"]
[SourceVersionDate "2016.02.25"]
[SourceQuality "1"]

1. Nf3 Nf6 2. c4 g6 3. Nc3 Bg7 4. d4 0-0 5. e4 c6 6. Be2 d5 7. exd5 cxd5 8. 0-0 Nc6 9. Re1 dxc4 10. Bxc4 Bg4 11. d5 Na5 12. Be2 Rc8 13. h3 Bxf3 14. Bxf3 Nc4 15. Qb3 Qd7 16. Be2 Nd6 17. Be3 a6 18. Rad1 b5 19. a4 Rb8 20. axb5 axb5 21. Na2 b4 22. Nc1 Qb7 23. Bf3 Nd7 24. Ne2 Qb5 25. Nd4 Bxd4 26. Bxd4 Nf5 27. Be3 Nxe3 28. Qxe3 Rfe8 29. Rc1 Qb6 30. Rc6 Qxe3 31. Rxe3 Kf8 32. Kf1 f6 33. Be2 Ne5 34. Rc7 Rec8 35. Rxc8+ Rxc8 36. f4 Nc4 37. Rd3 Nxb2 38. Rb3 Nc4 39. Kf2 Nb6 40. d6 exd6 41. Rxb4 Nd5 42. Rd4 Nc3 43. Bf3 Ke7 44. g4 d5 45. Rb4 Rc7 46. Ke3 Na2 47. Rb6 Rc3+ 48. Kf2 d4 49. Rb7+ Kd8 50. Rxh7 d3 51. Bd1 Rc1 52. Ba4 Nc3 53. Rd7+ Kc8 54. Rxd3 Nxa4 55. g5 fxg5 56. Rd6 gxf4 57. Rxg6 Nc5 58. h4 Nd3+ 0-1